000 00308nam a22001097a 4500
008 160523b xxu||||| |||| 00| 0 eng d
020 _a9780827382992
041 _aeng
080 _a615
245 _aPrinciples of pharmacology for respiratory care:
_cGeorgine W. Bills ; Robert C. Soderberg;
942 _2udc
_cBK
999 _c2389
_d2389